Polscy nobliści - nagła śmierć - Statystyki

Ogólne statystyki
  • Ten quiz został rozwiązany 243 razy
  • Średni wynik to 6 z 7
Answers on the Grid
Answers color-coded by a green-red scale on the quiz's grid according to % correct below.
Aleksander Kwaśniewski
Józef Piłsudski
Henryk Sienkiewicz
Stefan Batory
Krzysztof Krawczyk
Wisława Szymborska
Mikołaj Kopernik
Adam Mickiewicz
Juliusz Słowacki
Czesław Miłosz
Ignacy Łukasiewicz
Lech Wałęsa
Henryk Magnuski
Tadeusz Kościuszko
Władysław Reymont
Kazimierz Wielki
Jan Paweł II
Andrzej Sapkowski
Kazimierz Pułaski
Krzysztof Ibisz
Witold Gombrowicz
Kazimierz Deyna
Olga Tokarczuk
Andrzej Wajda
Krystyna Janda
Irena Szewińska
Fryderyk Chopin
Zbigniew Preisner
Maria Skłodowska-Curie
Stanisław Moniuszko
Krzysztof Penderecki
Agnieszka Radwańska
 
Statystyki odpowiedzi
Odpowiedź % Poprawnych
Wisława Szymborska
89%
Lech Wałęsa
83%
Henryk Sienkiewicz
82%
Maria Skłodowska-Curie
82%
Czesław Miłosz
76%
Olga Tokarczuk
75%
Władysław Reymont
68%
Nie znaleziono quizów pasujących do podanych kryteriów
Rozkład punktacji
Procent ludzi z każdym wynikiem
Percentyl według liczby udzielonych odpowiedzi
Twoja historia wyników
Nie rozwiązałeś tego quizu